000 00444ntaaa2200181 4500
003 01
005 20251027202951.0
008 0714s1973 ag 01
040 _aAR-BaBN
_bspa
_cAR-BaBN
_eaacr
_dRIC
082 _a973.0000 Ad1
100 _aAdams, James Truslow
_930544
245 _aEpopeya de America
250 _a1 ed.
260 _aBuenos Aires :
_bEditorial Claridad,
_cc1942
300 _a523 p
650 _aNorteamérica
942 _cBK
999 _c25038
_d25038